| 000 | 00850nam a2200229Ia 4500 | ||
|---|---|---|---|
| 999 |
_c35554 _d35554 |
||
| 001 | 1415 | ||
| 003 | GE_BSU | ||
| 005 | 20250210105054.0 | ||
| 008 | 181216s||||||||xx |||||||||||||| ||und|| | ||
| 020 | _a5520003513 | ||
| 040 | _cGE_BSU | ||
| 041 | _ageo | ||
| 080 | _a635.9(479.223) Д-36 | ||
| 245 |
_aДеревья и кустарники Батумского Ботанического сада : _b(Покрытосемянные) ч.II / _cГл. ред.В. Папунидзе; Батумский ботан. сад. |
||
| 264 |
_aБатуми : _c2007. |
||
| 300 |
_a423 с.; _b29 см. |
||
| 653 | _a ხეები და ბუჩქები | ||
| 653 | _aბოტანიკა | ||
| 700 |
_aПапунидзе, В. _eრედაქტორი _924283 |
||
| 710 |
_aБатумский ботан. сад _924284 |
||
| 942 |
_cBK _2udc |
||